000 00765nam a2200229Ia 4500
001 10172
003 GE_BSU
008 181216s||||||||xx |||||||||||||| ||und||
020 _a9992843535
040 _cGE_BSU
080 _a821.353.1–31
100 _aსურგულაძე,რამაზ
245 _aმურღულის ქვა:კატორღული რომანი
245 _cრედ.ანზორ კოდბა.მხატვ.ჯემალ მიქელაძე
260 _aბათუმი
260 _bალიონი
260 _c2005
300 _a176გვ.20სმ.
541 _h6ლ.
653 _aმურღულის ქვა:კატორღული რომანი
942 _cBK
999 _c43442
_d43442